00976nam a22002177a 4500999001500000003000900015008004100024040007100065082001800136100002200154245006100176260003500237300002600272505025800298650001800556650003100574650003000605942001600635945000900651952009800660 c4960d4960AR-CdUCM190311b ||||| |||| 00| 0 spa d aMUNICIPALIDAD PROVINCIAL DEL CUSCOcBIBLIOTECA MUNICIPAL DEL CUSCO a301.34 /bH96 aHurtado G., Hugo. aFormación de las comunidades campesinas en el Perú / aLima : .bTercer Mundo,c1974. a121 paginas ;c21 cm. aObjeto de estudio, la tesis -- Las comunidades campesinas en la Europa medieval -- Las comunidades campesinas en España antes de la conquista, los pueblos y las ciudades -- Formación de las comunidades indígenas campesinas en el Perú etapas... aEuropa 91221 aComunidad campesina915202 aPueblos y ciudades915203 2ddccLIBROS awnts 002ddc4070aSHbSHcCARTd2019-03-11g20.00o301.34 / H96pSH0000005297r2019-03-11yLIBROS